[Event "8th ch-Euro"]
[Site "Dresden GER"]
[Date "2007.04.04"]
[Round "2"]
[White "Andreikin,D"]
[Black "Zweschper,E"]
[Result "1-0"]
[WhiteElo "2509"]
[BlackElo "2170"]

1.d4 Nf6 2.Bg5 e6 3.e4 h6 4.Bxf6 Qxf6 5.Nc3 d6 6.Qd2 g5 7.Nb5 Na6 8.O-O-O Bd7
9.Kb1 Qe7 10.Qc3 Bg7 11.Nxc7+ Nxc7 12.Qxc7 a6 13.Qb6 O-O 14.Bd3 Rfc8 15.Ne2 Rc6
16.Qa5 b6 17.Qd2 Rc7 18.h4 g4 19.f4 Bb5 20.e5 d5 21.f5 exf5 22.Ng3 Bxd3 23.Qxd3 f4
24.Nf5 Qb4 25.c3 Qf8 26.Rhf1 h5 27.Rxf4 Rc6 28.Rdf1 Ra7 29.Ng3 Rh6 30.Qf5 Qd8
31.Nxh5 Rg6 32.Rxg4 b5 33.Rxg6 fxg6 34.Qxg6 Qxh4 35.Nf6+  1-0

[Event "Kaupthing GM"]
[Site "Reykjavik ISL"]
[Date "2007.04.04"]
[Round "1"]
[White "Kristjansson,St"]
[Black "Kjartansson,G"]
[Result "1/2-1/2"]
[WhiteElo "2485"]
[BlackElo "2279"]

1.d4 Nf6 2.Bg5 e6 3.e4 h6 4.Bxf6 Qxf6 5.Nc3 d6 6.Qd2 g5 7.Bc4 Bg7 8.Nge2 Nc6
9.Rd1 Bd7 10.O-O O-O-O 11.Nb5 a6 12.Na3 g4 13.c3 Qg5 14.f4 gxf3 15.Rxf3 Qxd2
16.Rxd2 Rdf8 17.Ng3 h5 18.Rdf2 f6 19.Nc2 Kd8 20.Ne2 b5 21.Bb3 e5 22.h3 h4
23.Bd5 Ne7 24.Ne3 c6 25.Bb3 Bh6 26.Ng4 Bxg4 27.hxg4 Ng6 28.Rf1 Nf4 29.Nxf4 Bxf4
30.Be6 Ke7 31.d5 c5 32.Kf2 a5 33.Ke2 Rb8 34.Kd3 c4+ 35.Kc2 a4 36.Rb1 Kd8  1/2-1/2

[Event "18th Pobeskydi Chance Cup"]
[Site "Frydek Mistek CZE"]
[Date "2007.04.07"]
[Round "6"]
[White "Cibicek,J"]
[Black "Rakay,K"]
[Result "0-1"]
[WhiteElo "1980"]
[BlackElo "2115"]

1.d4 Nf6 2.Bg5 e6 3.e4 h6 4.Bxf6 Qxf6 5.Nc3 Bb4 6.Qd2 d6 7.Bd3 Nc6 8.Nge2 e5
9.Bb5 Bd7 10.d5 Nb8 11.a3 Ba5 12.Bxd7+ Nxd7 13.b4 Bb6 14.O-O Qg5 15.Qd3 a6
16.Na4 O-O 17.c4 f5 18.Nxb6 fxe4 19.Qxe4 Nxb6 20.Rac1 Nd7 21.f4 Qf5 22.Qe3 Rae8
23.Ng3 Qg4 24.h3 Qh4 25.f5 b6 26.Ne4 Nf6 27.Nxf6+ Rxf6 28.g4 Ref8 29.Rf3 h5
30.Qe4 hxg4 31.Qxg4 Qxg4+ 32.hxg4 g6 33.Rcf1 gxf5 34.gxf5 Kf7 35.Kf2 Rh6
36.Ke3 Rg8 37.Ke2 Kf6 38.Ke3 Rh4 39.Rc1 Rh5 40.c5 bxc5 41.bxc5 Rb8 42.Kd2 Rb5
43.Rd3 Rh2+ 44.Ke3 Rh3+ 45.Ke4 Rxd3 46.Kxd3 Rxc5 47.Rf1 Rxd5+ 48.Ke4 Ra5
49.Rc1 Rc5 50.Rf1 c6 51.Kd3 Ra5 52.Ke4 Rxa3 53.Rc1 d5+  0-1

[Event "1st Alexandr Buslaev Mem"]
[Site "Tbilisi GEO"]
[Date "2007.04.07"]
[Round "8"]
[White "Gasparian,T"]
[Black "Hambardzumian,Y"]
[Result "1-0"]
[WhiteElo "2204"]
[BlackElo "2351"]

1.d4 Nf6 2.Bg5 e6 3.e4 h6 4.Bxf6 Qxf6 5.Nc3 g6 6.Qd2 Bg7 7.O-O-O b6 8.f4 Bb7
9.Nf3 Qe7 10.g4 Na6 11.Bc4 O-O-O 12.Rhe1 g5 13.f5 h5 14.e5 exf5 15.gxf5 Bh6
16.f6 Qb4 17.Bxa6 Bxa6 18.Nxg5 h4 19.Nce4 Qxd2+ 20.Kxd2 Rhg8 21.Rg1 Rg6 22.Kc3 Rf8
23.d5 Bb7 24.Kd4 Rfg8 25.Nf3 Rg4 26.Rxg4 Rxg4 27.Rg1 c5+ 28.Kd3 Rxg1 29.Nxg1 Bxd5
30.c4 Be6 31.Nd6+ Kc7 32.Nf3 h3 33.Ke4 a6 34.a4 Bc1 35.b3 Kc6 36.Nh4 Bg5
37.Nhf5 Kc7 38.Ng7 Kd8 39.Nxe6+  1-0

[Event "II Rapid"]
[Site "Canada de Calatrava ESP"]
[Date "2007.04.08"]
[Round "7"]
[White "Del Rey,D"]
[Black "Krasenkow,M"]
[Result "1/2-1/2"]
[WhiteElo "2400"]
[BlackElo "2651"]

1.d4 Nf6 2.Bg5 e6 3.e4 h6 4.Bxf6 Qxf6 5.c3 d6 6.Bd3 g6 7.Ne2 Bg7 8.O-O O-O
9.f4 Qe7 10.e5 b6 11.Be4 d5 12.Bd3 c5 13.Nd2 Ba6 14.Bxa6 Nxa6 15.Qa4 Qb7
16.h4 h5 17.Nf3 b5 18.Qd1 b4 19.Ng5 Rac8 20.Rb1 Bh6 21.Qd3 Qc6 22.Ng3 bxc3
23.bxc3 cxd4 24.cxd4 Qc4 25.Qd2 Qc3 26.Qf2 Nb4 27.Rb3 Qc4 28.Kh2 Nc2 29.Rc1 Bxg5
30.hxg5 Ne3 31.Rxc4 Ng4+ 32.Kg1 dxc4 33.Qd2 cxb3 34.axb3 Rc7 35.Ne4 Rfc8
36.Nc5 Rd8 37.Qb4 a5 38.Qc3 Rd5 39.Kf1 Rc8 40.Ke2 Kh7 41.Kf3 Rcd8 42.Nb7 R8d7
43.Nd6 Kg7 44.Qc8 R7xd6 45.exd6 Rxd6 46.Qc5 Rd5 47.Qc7 Rxd4 48.Qc3 e5 49.g3 Rd5
50.Ke2 Rb5 51.Kd2 Nf2 52.Ke1 Ng4 53.Kd2 Rd5+ 54.Ke2 Rb5 55.Kd2 Rd5+ 56.Ke2 Rb5  1/2-1/2

[Event "30th Open"]
[Site "San Sebastian ESP"]
[Date "2007.04.08"]
[Round "9"]
[White "Alvarado Fernandez,M"]
[Black "Diaz Herrero,A"]
[Result "1-0"]
[WhiteElo "2000"]
[BlackElo "1918"]

1.d4 Nf6 2.Bg5 e6 3.e4 h6 4.Bxf6 Qxf6 5.Nc3 d6 6.Qd2 g5 7.O-O-O Bg7 8.e5 Qd8
9.f4 dxe5 10.fxe5 c5 11.Nb5 cxd4 12.Nd6+ Kf8 13.Qxd4 Nc6 14.Qf2 Qe7 15.Nf3 Nxe5
16.Be2 Nxf3 17.Bxf3 Be5 18.Bh5 f5 19.Nf7 Bf4+ 20.Kb1 Rh7 21.Rd8+ Kg7 22.Re1 Bc7
23.Rd3 Qb4 24.g4 Bb6 25.Qe2 Qc5 26.gxf5 exf5 27.Nd6 Bd7 28.Qe7+ Kg8 29.Bf7+ Rxf7
30.Qxf7+  1-0

[Event "19th Kreuz Open"]
[Site "Lenk SUI"]
[Date "2007.04.09"]
[Round "6"]
[White "Charmier,G"]
[Black "Horvath,Ta1"]
[Result "0-1"]
[WhiteElo "2133"]
[BlackElo "2414"]

1.d4 Nf6 2.Bg5 e6 3.e4 h6 4.Bxf6 Qxf6 5.c3 d6 6.Bd3 Nd7 7.Ne2 Qd8 8.O-O Be7
9.f4 O-O 10.Nd2 c5 11.Qe1 a6 12.Qg3 b5 13.Nf3 Bb7 14.e5 cxd4 15.cxd4 dxe5
16.fxe5 Nb6 17.Nf4 Bxf3 18.Nxe6 fxe6 19.Qg6 Qxd4+ 20.Kh1 Qxd3 21.Qxd3 Bd5
22.b3 Nd7 23.Rxf8+ Rxf8 24.Rf1 Nxe5 25.Rxf8+ Bxf8 26.Qd4 Ng6 27.Kg1 b4 28.g3 Nh8
29.Qa7 Nf7 30.Qxa6 Ne5 31.Kf1 Nc6 32.Qc8 Kf7 33.Qc7+ Be7 34.Qf4+ Bf6 35.Qf2 Kg8
36.Qc5 Be7 37.Qb5 Nd4 38.Qb8+ Bf8 39.Qf4 Nb5 40.g4 Nc3 41.Qf2 Ne4 42.Qa7 Bc5
43.Qb8+ Kh7 44.Qf4 Bd6 45.Qc1 Bxh2 46.a3 bxa3 47.Qxa3 Nd2+ 48.Ke2 Nxb3 49.Qe7 Bf4  0-1

[Event "19th Kreuz Open"]
[Site "Lenk SUI"]
[Date "2007.04.10"]
[Round "7"]
[White "Curien,N"]
[Black "Hoffmann,Mi1"]
[Result "0-1"]
[WhiteElo "2251"]
[BlackElo "2473"]

1.d4 Nf6 2.Bg5 e6 3.e3 c5 4.c3 cxd4 5.exd4 Be7 6.Nd2 b6 7.Ngf3 O-O 8.Bd3 Ba6
9.Bxa6 Nxa6 10.O-O Nd5 11.Bxe7 Nxe7 12.Ne5 d6 13.Nd3 Nb8 14.f4 Nbc6 15.Qf3 b5
16.Qf2 Rb8 17.a3 a5 18.g4 f5 19.g5 Ng6 20.d5 exd5 21.Nb3 Qc7 22.Nd4 Nxd4
23.Qxd4 Qc4 24.Rf3 Rfe8 25.Qa7 d4 26.Qxd4 Qxd4+ 27.cxd4 Rbc8 28.Re1 Re4 29.d5 Rxe1+
30.Nxe1 Rc5 31.Nd3 Rxd5 32.Kf2 Rd4 33.Ke3 Re4+ 34.Kd2 Kf7 35.Re3 Rd4 36.Rf3 h6
37.gxh6 gxh6 38.b3 h5 39.Kc3 Re4 40.Rh3 h4 41.Rf3 Re2 42.Nf2 Ra2 43.h3 Ke6
44.Nd3 Kd5 45.Re3 Rg2  0-1

[Event "8th ch-Euro"]
[Site "Dresden GER"]
[Date "2007.04.12"]
[Round "9"]
[White "Czap,B"]
[Black "Kostopoulos,E"]
[Result "1-0"]
[WhiteElo "2204"]
[BlackElo "2120"]

1.d4 Nf6 2.Bg5 e6 3.e3 c5 4.c3 d5 5.Nd2 Nc6 6.f4 b6 7.Bd3 Bb7 8.Qf3 Qc7 9.Ne2 Be7
10.a3 h6 11.Bxf6 Bxf6 12.h4 O-O-O 13.h5 Kb8 14.Qf2 Be7 15.O-O-O f6 16.Kb1 e5
17.Ng3 exd4 18.exd4 Bd6 19.Rhf1 Bc8 20.Nf5 Rhe8 21.Nxd6 Qxd6 22.Bg6 Re7 23.dxc5 Qxc5
24.Qxc5 bxc5 25.Nb3 Bg4 26.Rd2 c4 27.Nd4 Nxd4 28.cxd4 Re3 29.Ka2 Rd7 30.Rc1 Rde7
31.Rc3 Kc7 32.Rdc2 Bd1 33.Rc1 Rxc3 34.Rxc3 Bb3+ 35.Kb1 Re2 36.Kc1 Rxg2 37.Re3 Rf2
38.Re7+ Kd6 39.Rxa7 Rxf4 40.Ra6+ Kc7 41.Kd2 Rxd4+ 42.Kc3 Rg4 43.Ra7+ Kd6
44.Kb4 d4 45.a4 Rg2 46.Ka3 Kc5 47.Rc7+ Kb6 48.Rd7 Rd2 49.Rxg7 Rd1 50.Kb4 d3
51.Be4 Re1 52.a5+ Ka6 53.Bb7+ Ka7 54.Bc6+ Kb8 55.Kc5 d2 56.Kb6 c3 57.Ra7  1-0

[Event "5th Arab Cities"]
[Site "Beirut LBN"]
[Date "2007.04.13"]
[Round "7"]
[White "Abdel Razik,K"]
[Black "Sakr,N"]
[Result "1-0"]
[WhiteElo "2375"]
[BlackElo "2139"]

1.d4 Nf6 2.Bg5 e6 3.Nd2 d5 4.e3 Nbd7 5.Ngf3 Be7 6.Bd3 c5 7.c3 b6 8.Ne5 Nxe5
9.dxe5 Nd7 10.Bf4 Bb7 11.O-O Rc8 12.Bg3 O-O 13.f4 f5 14.exf6 Nxf6 15.Qe2 g6
16.Rad1 Qe8 17.e4 Qf7 18.h3 Nh5 19.Bh2 Bd6 20.g3 Rce8 21.Bb5 Rd8 22.Bd3 Rde8
23.e5 Bc7 24.g4 Ng7 25.Bg3 Qd7 26.Kh2 Bd8 27.h4 Rf7 28.a4 Bc6 29.b3 Ref8
30.Kh3 Kh8 31.Bc2 b5 32.axb5 Bxb5 33.c4 Bc6 34.Ne4 Be7 35.Kh2 Qd8 36.Kh3 Ne8
37.cxd5 Bxd5 38.Nc3 Nc7 39.Nxd5 Nxd5 40.Qf3 Qb6 41.Rxd5 exd5 42.Qxd5 Qb4
43.f5 gxf5 44.gxf5 Rg7 45.Qe4 Rfg8 46.Rf3 Rg4 47.Qxb4 Rxb4 48.f6 Bd8 49.e6  1-0

[Event "Reykjavik International"]
[Site "Reykjavik ISL"]
[Date "2007.04.17"]
[Round "7"]
[White "Thorfinnsson,Bj"]
[Black "Bergsson,Sn"]
[Result "0-1"]
[WhiteElo "2348"]
[BlackElo "2296"]

1.d4 Nf6 2.Bg5 e6 3.e4 h6 4.Bxf6 Qxf6 5.Nc3 Bb4 6.Qd2 c5 7.e5 Qf5 8.a3 cxd4
9.axb4 dxc3 10.Qxc3 Nc6 11.Nf3 Qe4+ 12.Be2 Qxb4 13.Qxb4 Nxb4 14.Ra4 Nc6 15.b4 b6
16.Kd2 Bb7 17.Rha1 Ke7 18.Bb5 a5 19.bxa5 Nxa5 20.Rb1 Rac8 21.Nd4 Rc5 22.Bd3 Bxg2
23.Rxb6 Nc6 24.f4 Nxd4 25.Rxd4 g5 26.Rbd6 Bc6 27.Ke3 gxf4+ 28.Kxf4 Rf8 29.Be4 f6
30.exf6+ Rxf6+ 31.Ke3 Re5  0-1

[Event "Open"]
[Site "Metz FRA"]
[Date "2007.04.18"]
[Round "5"]
[White "Laurent,B"]
[Black "Sulava,N"]
[Result "1/2-1/2"]
[WhiteElo "2399"]
[BlackElo "2549"]

1.d4 Nf6 2.Bg5 e6 3.e3 b6 4.Nf3 Bb7 5.Bd3 h6 6.Bxf6 Qxf6 7.Nbd2 Qd8 8.c3 d6
9.Qe2 a6 10.h4 Nd7 11.Be4 c6 12.Rg1 Be7 13.g4 Bxh4 14.Nxh4 Qxh4 15.g5 hxg5
16.O-O-O Qh5 17.Bf3 Qh7 18.Ne4  1/2-1/2

[Event "Reykjavik International"]
[Site "Reykjavik ISL"]
[Date "2007.04.19"]
[Round "9"]
[White "Thorfinnsson,Bj"]
[Black "Bjornsson,Si"]
[Result "1-0"]
[WhiteElo "2348"]
[BlackElo "2329"]

1.d4 Nf6 2.Bg5 e6 3.e4 h6 4.Bxf6 Qxf6 5.Nc3 Bb4 6.Nf3 c5 7.a3 Bxc3+ 8.bxc3 d6
9.e5 dxe5 10.dxe5 Qe7 11.Bd3 b6 12.O-O Bb7 13.Nd2 O-O 14.f4 Qh4 15.g3 Qe7
16.Qh5 Rd8 17.Rf2 Nd7 18.g4 Nf8 19.g5 hxg5 20.fxg5 Rd5 21.Re1 g6 22.Qh6 Nh7
23.h4 Rad8 24.Ref1 Qf8 25.Rxf7 Qxh6 26.gxh6 R5d7 27.Bxg6 Rxf7 28.Rxf7 Nf8
29.Rxb7 Nxg6 30.Nf3 Rd5 31.Rg7+  1-0

[Event "VI It"]
[Site "Sao Jose do Rio Preto ARG"]
[Date "2007.04.20"]
[Round "2"]
[White "Perdomo,L"]
[Black "Borges,L"]
[Result "1/2-1/2"]
[WhiteElo "2389"]
[BlackElo "2225"]

1.d4 Nf6 2.Bg5 e6 3.Nf3 h6 4.Bxf6 Qxf6 5.e4 d6 6.Nc3 Bd7 7.Qd2 Nc6 8.O-O-O g5
9.h3 Bg7 10.Bb5 a6 11.Bxc6 bxc6 12.e5 Qe7 13.Ne4 O-O 14.Rhe1 Rfd8 15.g4  1/2-1/2

[Event "Chess Classic Open"]
[Site "Gausdal NOR"]
[Date "2007.04.23"]
[Round "6"]
[White "Guddahl,V"]
[Black "Andersen,Mad"]
[Result "1/2-1/2"]
[WhiteElo "2159"]
[BlackElo "2039"]

1.d4 Nf6 2.Bg5 e6 3.e3 b6 4.Qf3 d5 5.Bxf6 Qxf6 6.Qxf6 gxf6 7.g3 Nd7 8.Nd2 Bb7
9.O-O-O O-O-O 10.Ne2 c6 11.Kb1 Be7 12.Rc1 Kb8 13.Bg2 Ba6 14.Rhe1 Rc8 15.Nf4 Bb4
16.Rcd1 h5 17.h4 e5 18.Nd3 Bd6 19.a3 Rce8 20.Nb4 Bxb4 21.axb4 Kc7 22.b3 b5
23.Kb2 Re7 24.Ra1 Kb6 25.Bf3 Rhe8 26.c3 Rh8 27.c4 bxc4 28.bxc4 Bxc4 29.Nxc4+ dxc4
30.Rec1 exd4 31.exd4 Nb8 32.Rxc4 f5 33.Rc5 f4 34.Rxh5 Rxh5 35.Bxh5 fxg3 36.fxg3 Na6
37.Rf1 Nxb4 38.Bxf7 Re3 39.g4 Re4 40.g5 Rxh4 41.Rg1 Nd3+ 42.Kc2 Nf4 43.Bc4 Nh3
44.Rb1+ Kc7 45.g6 Rg4 46.Rh1 Rxg6 47.Rxh3 Kb6 48.Re3 Rg4 49.Kc3 Rh4 50.Rf3 Rg4
51.Rh3 Rf4 52.Rg3 Rh4 53.Re3 Rg4 54.Bd3 Rg1 55.Rh3 Kc7 56.Rh7+ Kb6 57.Rh6 Kc7
58.Rf6 Rg4 59.Rf7+ Kb6 60.Rh7 Rf4 61.Rh6 Kc7 62.Bc2 Rf3+ 63.Kc4 Rf1 64.Kc5 Rc1
65.Rxc6+ Kb7 66.Kd5 Rg1 67.Rg6 Rc1 68.Be4 a5 69.Rg8 a4 70.Kd6+ Kb6 71.Ra8 Kb5
72.Rb8+ Ka5 73.Bc6 a3 74.Rb5+ Ka6 75.Rb3 a2 76.Ra3+ Kb6 77.Rxa2 Rxc6+ 78.Kd5 Rh6
79.Re2 Kc7 80.Re7+ Kd8 81.Rg7 Ke8 82.Kc5 Kd8 83.Rb7 Kc8 84.Re7 Kd8 85.Re5 Kd7
86.Rg5 Kc7 87.Rg7+ Kd8 88.Rf7 Ke8 89.Rg7 Kd8 90.Rb7 Kc8 91.Rb2 Kd8 92.Rb6 Rxb6
93.Kxb6 Kd7 94.Kc5 Kc7 95.Kd5 Kd7  1/2-1/2

[Event "FMA Masters"]
[Site "Madrid ESP"]
[Date "2007.04.25"]
[Round "8"]
[White "Campora,D"]
[Black "Minzer,C"]
[Result "1-0"]
[WhiteElo "2532"]
[BlackElo "2414"]

1.d4 Nf6 2.Bg5 e6 3.e4 h6 4.Bxf6 Qxf6 5.Nc3 Bb4 6.Qd2 d5 7.e5 Qd8 8.a3 Be7
9.f4 c5 10.Nf3 Nc6 11.dxc5 Bxc5 12.b4 Bb6 13.Na4 Bd7 14.Nxb6 Qxb6 15.Qf2 O-O
16.Bd3 f6 17.Qxb6 axb6 18.O-O Ra7 19.Rfb1 fxe5 20.fxe5 Rf4 21.c3 g5 22.h3 Kg7
23.a4 Be8 24.Bb5 Bh5 25.Bxc6 Bxf3 26.Bd7 Be4 27.Rf1 Rf5 28.a5 Rxe5 29.axb6 Rxa1
30.Rxa1 d4 31.c4 d3 32.Ra2 Kf6 33.Kf2 Ke7 34.Ba4 Bg6 35.Rd2 Rf5+ 36.Ke3 Rf4
37.Bb3 e5 38.Ra2 Rd4 39.Kd2 Be4 40.Kc3 d2 41.Rxd2 Rxd2 42.Kxd2 Bxg2 43.c5 h5
44.Bd1 Bxh3 45.Bxh5 Bg2 46.b5 Kd8 47.Bg4 Bd5 48.Ke3 Bg2 49.Bf5 Bd5 50.Kf2 Bh1
51.Be6 Be4 52.Kg3 Bh1 53.Kg4 e4 54.c6  1-0

[Event "I Open Casino"]
[Site "Lugano SUI"]
[Date "2007.05.01"]
[Round "6"]
[White "Antoniacci,R"]
[Black "Orsenigo,D"]
[Result "1-0"]
[WhiteElo "1995"]
[BlackElo "1872"]

1.d4 Nf6 2.Bg5 e6 3.e3 d5 4.c4 Be7 5.Nc3 O-O 6.cxd5 exd5 7.Bd3 b6 8.Qe2 Bb7
9.Nf3 c5 10.Rc1 Nbd7 11.O-O Ne4 12.Bxe7 Qxe7 13.g3 Ndf6 14.Ne5 Qe6 15.f3 Nd6
16.f4 Nd7 17.f5 Qe7 18.Nxd7 Qxd7 19.f6 Qe6 20.fxg7 Rfe8 21.Rce1 Re7 22.Qh5 Ne4
23.Rf5 Qg6 24.Nxd5 Bxd5 25.Rxd5 Qxg7 26.Bxe4  1-0

[Event "FSGM May"]
[Site "Budapest HUN"]
[Date "2007.05.09"]
[Round "4"]
[White "Koons,N"]
[Black "Illner,A"]
[Result "1-0"]
[WhiteElo "2289"]
[BlackElo "2339"]

1.d4 Nf6 2.Bg5 e6 3.Nd2 h6 4.Bh4 c5 5.e3 Be7 6.Bd3 b6 7.Ngf3 Bb7 8.O-O cxd4
9.exd4 O-O 10.c3 Nc6 11.Bxf6 Bxf6 12.Nc4 Qc7 13.Re1 Ne7 14.Nce5 g6 15.Be4 Bg7
16.a4 Bxe4 17.Rxe4 a6 18.Qb3 d6 19.Nd3 Kh7 20.h4 Rac8 21.Rae1 Kh8 22.Nf4 Nc6
23.Rxe6 fxe6 24.Nxg6+ Kh7 25.Nxf8+ Rxf8 26.Qxe6 Kh8 27.Re3 Qd8 28.Kf1 Bf6
29.Re4 Ne7 30.Rf4 Ng8 31.g3 Re8 32.Qd5 Qe7 33.Kg2 Qe6 34.Qb7 d5 35.Qxa6 Ne7
36.Qd3 Rg8 37.Qe3 Ng6 38.Rxf6 Nxh4+ 39.Nxh4 Qxf6 40.Nf3 Kh7 41.b3 h5 42.c4 h4
43.Qd3+ Kh8 44.cxd5 hxg3 45.fxg3 Qd6 46.Ne5 Qxd5+ 47.Qf3 Qxf3+ 48.Kxf3 Rc8
49.Nc4 Kg7 50.Ke4 Kf6 51.Nxb6 Rc1 52.a5 Ke6 53.a6 Rc7 54.b4 Re7 55.d5+ Kd6+
56.Kd4 Rc7 57.a7  1-0

[Event "TCh-RUS HL"]
[Site "Sochi RUS"]
[Date "2007.05.11"]
[Round "9"]
[White "Novik,M"]
[Black "Andreikin,D"]
[Result "0-1"]
[WhiteElo "2466"]
[BlackElo "2532"]

1.d4 Nf6 2.Bg5 e6 3.e4 h6 4.Bxf6 Qxf6 5.Nc3 d6 6.Qd2 g5 7.O-O-O Bg7 8.h4 a6
9.e5 dxe5 10.dxe5 Qf4 11.Qxf4 gxf4 12.Nf3 Nd7 13.Re1 Rg8 14.h5 b5 15.Nb1 Bb7
16.Nbd2 Nb6 17.Rh4 Nd5 18.Nb3 Bf8 19.a3 O-O-O 20.Kb1 Kb8 21.Kc1 Ka7 22.c3 Be7
23.Rh2 Rg4 24.Kc2 Ba8 25.Kc1 Nb6 26.Kc2 Na4 27.Rh3 Bd5 28.Rh2 Bxb3+ 29.Kxb3 Bc5
30.Re2 Rd1 31.Rh1 Rc1 32.Nd2 Bb6 33.Rh3 c5 34.c4 Ba5 35.Rd3 Nb6 36.Rc3 Bxc3
37.bxc3 Nxc4  0-1

[Event "FSGM May"]
[Site "Budapest HUN"]
[Date "2007.05.14"]
[Round "11"]
[White "Kosic,D"]
[Black "Collins,S IRL"]
[Result "1/2-1/2"]
[WhiteElo "2507"]
[BlackElo "2398"]

1.d4 Nf6 2.Bg5 e6 3.Nd2 h6 4.Bh4 c5 5.e3 cxd4 6.exd4 Be7 7.c3 b6 8.Ngf3 O-O
9.Bd3 Ba6 10.Bxa6 Nxa6 11.Bxf6 Bxf6 12.O-O d6 13.Re1 Nb8 14.Ne4 Be7 15.a4 a6
16.Qb3 Qc7 17.Rad1 d5 18.Ng3 Nc6 19.Nh5 b5 20.axb5 Rab8 21.Ne5 Rxb5 22.Qa2 Nxe5
23.dxe5 Rfb8 24.Qxa6  1/2-1/2

[Event "25th Liechtenstein Open"]
[Site "Triesen LIE"]
[Date "2007.05.14"]
[Round "4"]
[White "Peredy,F"]
[Black "Galje,H"]
[Result "1-0"]
[WhiteElo "2328"]
[BlackElo "2129"]

1.d4 Nf6 2.Bg5 e6 3.Nd2 d5 4.c3 Be7 5.e3 Nbd7 6.Bd3 c5 7.f4 b6 8.Ngf3 Bb7
9.Ne5 Nxe5 10.fxe5 Nd7 11.Bxe7 Qxe7 12.O-O f6 13.Qh5+ Qf7 14.Qh3 O-O-O 15.e4 Qe7
16.exd5 Bxd5 17.exf6 gxf6 18.Rae1 Rhg8 19.Rf2 Rde8 20.c4 Bb7 21.Bf5 cxd4
22.Rxe6 Qd8 23.Qxh7 Rh8 24.Rxe8 Rxe8 25.Rf4 Re7 26.Qh3 Re2 27.Rxd4 Bc6 28.Rd6 Qc7
29.Bxd7+ Bxd7 30.Qh8+ Kb7 31.Qxf6 Bc6 32.Nf3 Be4 33.Qd4 Qc5 34.Qxc5 bxc5
35.h4 Rxb2 36.Rd2 Rb6 37.Kh2 Rb4 38.Ne5 a5 39.Re2 Bb1 40.g4 a4 41.Kg3 Kb6
42.g5 Ka5 43.Nc6+ Kb6 44.Nxb4 cxb4 45.Rb2  1-0

[Event "25th Liechtenstein Open"]
[Site "Triesen LIE"]
[Date "2007.05.17"]
[Round "7"]
[White "Keller,M1"]
[Black "Zenklusen,R"]
[Result "0-1"]
[WhiteElo "2179"]
[BlackElo "2411"]

1.d4 Nf6 2.Bg5 e6 3.e4 h6 4.Bxf6 Qxf6 5.Nc3 Bb4 6.Qd2 e5 7.a3 Bxc3 8.bxc3 O-O
9.Nf3 d6 10.Be2 Re8 11.dxe5 dxe5 12.O-O Nd7 13.Qe3 Qb6 14.Qd2 Nc5 15.Bd3 Bg4
16.Qe3 Na4 17.Rab1 Qxe3 18.fxe3 Nc5 19.Bc4 Be6 20.Bb5 c6 21.Bd3 f6 22.Rb4 Kh8
23.a4 a5 24.Rb6 Rad8 25.Rfb1 Bc8 26.Ne1 Nxa4 27.R6b3 Nc5 28.Ra3 a4 29.c4 Be6
30.Rb4 Rd7 31.h3 Kg8 32.Kf2 Kf8 33.g4 Ke7 34.Nf3 Kd8 35.Nd2 Kc8 36.Nb1 Red8
37.Ke2 h5 38.gxh5 Bxh3 39.Kf3 Rh8 40.Nc3 Nxd3 41.cxd3 Rxd3 42.Raxa4 Kc7 43.Ra3 Rd2
44.Rab3 Bc8 45.Ne2 Rxh5 46.Ng3 Rhh2 47.Nf5 Rhg2  0-1

[Event "Stuttgarter Stadtmeisterschaft"]
[Site "Gerlingen GER"]
[Date "2007.05.18"]
[Round "3"]
[White "Doll,M"]
[Black "Zeller,F"]
[Result "1/2-1/2"]
[WhiteElo "2183"]
[BlackElo "2429"]

1.d4 Nf6 2.Bg5 e6 3.e4 c5 4.e5 h6 5.Bc1 Nh7 6.dxc5 Nc6 7.Nf3 Ng5 8.Nd4 Bxc5
9.c3 Qb6 10.f4 Ne4 11.Be3 Qxb2 12.Qc2 Qxc2 13.Nxc2 b6 14.Bxc5 Nxc5 15.Nba3 Ke7
16.Nb5 f6 17.exf6+ gxf6 18.Rd1 Na5 19.Be2 Bb7 20.O-O Ne4 21.Rfe1 a6 22.Bf3 f5
23.Nbd4 Rac8 24.Rd3 Kf6 25.Nb3 Nxb3 26.axb3 Nc5 27.Rd6 Bxf3 28.gxf3 Rhg8+
29.Kf1 Nxb3 30.Ne3 Nc5 31.Nd5+ Kf7 32.Nxb6 Rc7 33.Red1 Ke7 34.Nc4 Nb7 35.R6d4 Rd8
36.Re1 Nc5 37.Ne3 Kf7 38.Rb1 Ra8 39.Nc4 Ke7 40.Na5 Raa7 41.Rb8 Nb7 42.Nc4 Nd8
43.Nd6 Rxc3 44.Nc8+ Rxc8 45.Rxc8 a5 46.Rd2 Rb7 47.Rc4 Nc6 48.Kf2 Rb3 49.Kg3 Nb4
50.Rc7 Nd5 51.Ra7 Rb4 52.Rxa5 Nxf4 53.Rda2 Nd5 54.R5a4 Rb8 55.Ra8 Rb3 56.R2a3 Rb2
57.Rh8 Kf6 58.Raa8 Ke5 59.Rxh6 Nf4  1/2-1/2

[Event "16th TCh-CRO"]
[Site "Sibenik CRO"]
[Date "2007.05.20"]
[Round "4"]
[White "Matas,Z"]
[Black "Kamenecki,S"]
[Result "1-0"]
[WhiteElo "1985"]
[BlackElo "1934"]

1.d4 Nf6 2.Bg5 e6 3.Nd2 Be7 4.e4 h6 5.Bf4 c5 6.c3 cxd4 7.cxd4 Qb6 8.Qc2 Nc6
9.Ngf3 Nxd4 10.Nxd4 Qxd4 11.Bd3 Ng4 12.O-O e5 13.Bg3 d6 14.Bb5+ Kf8 15.Rfd1 Qb6
16.a4 Be6 17.b3 a6 18.Bc4 Qc7 19.Qd3 g6 20.Bxe6 fxe6 21.h3 Nf6 22.f4 exf4
23.Bxf4 e5 24.Be3 Kg7 25.Rac1 Qd7 26.Bb6 Rhc8 27.a5 Rxc1 28.Rxc1 Rc8 29.Nc4 Qc6
30.Re1 Nh5 31.Be3 Nf6 32.Bf2 Nd7 33.Rf1 Nc5 34.Bxc5 Qxc5+ 35.Kh2 Rf8 36.Rxf8 Kxf8
37.Qd5 Qxd5 38.exd5 Ke8 39.Kg3 Kd7 40.Kf3 Bg5 41.g3 Bd8 42.h4 h5 43.Ke3 Bc7
44.Kf3 Ke7 45.g4 Kf6 46.g5+ Ke7 47.b4 Bb8 48.Nb6 Kd8 49.Nc4 Kc7 50.Nd2 Ba7
51.Ne4 Bd4 52.Ke2 b6 53.axb6+ Bxb6 54.Kd3 a5 55.bxa5 Bxa5 56.Ke2 Bb4 57.Nf6 Bc3
58.Nh7 Kd7 59.Nf6+ Kc7 60.Ne8+ Kd7 61.Nf6+ Ke7 62.Ng8+ Kd8 63.Nf6 Bb4 64.Nh7 Bc5
65.Kf3 Ke7 66.Nf6 Ba3 67.Ng8+ Kd8 68.Nf6 Bc1 69.Kf2 Bf4 70.Kf3 Bd2 71.Ke2 Ba5
72.Kf2 Kc7 73.Nxh5 Kd7 74.Nf6+ Ke7 75.Kf3 Kf7 76.Kg4 Bb4 77.h5 Ba3 78.h6 Bb4
79.Kf3 Ba3 80.Ne4 Kg8 81.Ke3 Kh7 82.Kd2 Kh8 83.Kc3 Kh7 84.Kc2 Kh8 85.Kb3 Bc1
86.Nxd6 Bxg5 87.Nf7+ Kh7 88.Nxg5+ Kxh6  1-0

[Event "Capo d'Orso"]
[Site "Porto Mannu PAL"]
[Date "2007.05.23"]
[Round "6"]
[White "Diotallevi,M"]
[Black "Marin,M"]
[Result "0-1"]
[WhiteElo "2137"]
[BlackElo "2533"]

1.d4 Nf6 2.Bg5 e6 3.Nf3 h6 4.Bxf6 Qxf6 5.e4 d6 6.Nbd2 Nd7 7.c3 g6 8.Bd3 Bg7
9.Qe2 e5 10.dxe5 Nxe5 11.Nxe5 Qxe5 12.O-O Bd7 13.f4 Qe7 14.Rae1 O-O-O 15.Nf3 Rhe8
16.Bb5 c6 17.Bd3 Kb8 18.Qc2 g5 19.f5 g4 20.Nd4 Be5 21.Qf2 Qf6 22.Ne2 h5 23.Nf4 h4
24.Qd2 Qg5 25.Rd1 Bc8 26.Ne2 Qxd2 27.Rxd2 d5 28.exd5 Rxd5 29.Nc1 Red8 30.Re2 f6
31.Bc4 Rd2 32.Nb3 Rd1 33.Rf2 Bxh2+ 34.Kxh2 g3+ 35.Kh3 gxf2 36.Rxf2 Re8 37.Nc5 Re5
38.Ne6 Re4  0-1

[Event "Capo d'Orso"]
[Site "Porto Mannu PAL"]
[Date "2007.05.24"]
[Round "7"]
[White "Kekki,P"]
[Black "Mazzariol,O"]
[Result "1-0"]
[WhiteElo "2366"]
[BlackElo "2018"]

1.d4 Nf6 2.Bg5 e6 3.e4 h6 4.Bxf6 Qxf6 5.Nf3 d6 6.Nc3 a6 7.Qd2 g6 8.O-O-O Bg7
9.Kb1 Nd7 10.h4 b5 11.Bd3 Bb7 12.Rhe1 O-O 13.e5 Qe7 14.Qf4 Rfd8 15.Ne4 Bxe4
16.Qxe4 d5 17.Qe3 c5 18.dxc5 Nxc5 19.h5 g5 20.Nd4 Rdc8 21.f4 gxf4 22.Qxf4 Qg5
23.Qh2 Nd7 24.Nf3 Qg4 25.Re3 Rc6 26.Be2 Qa4 27.Nd4 Rac8 28.Nxc6 Rxc6 29.Bd3 f6
30.exf6 Bxf6 31.Qg3+ Kf8 32.Rf1 Ke7 33.Rxf6 Kxf6 34.Rf3+ Ke7 35.Qg7+ Kd8
36.Qxh6 Kc7 37.Qf4+ Qxf4 38.Rxf4 e5 39.Rh4 e4 40.Be2 Rf6 41.h6 Rf8 42.g4 Ne5
43.g5 Ng6 44.Rh1 e3 45.Kc1 Kd6 46.Bd3 Nf4 47.g6 e2 48.Re1  1-0

[Event "V Regina Helena Marques Prol"]
[Site "Santos BRA"]
[Date "2007.05.24"]
[Round "7"]
[White "Stamenkovic,Dr"]
[Black "Lima,Din"]
[Result "1-0"]
[WhiteElo "2423"]
[BlackElo "2137"]

1.d4 Nf6 2.Bg5 e6 3.e4 h6 4.Bxf6 Qxf6 5.Nc3 Bb4 6.Qd2 d5 7.e5 Qe7 8.a3 Bxc3
9.Qxc3 c5 10.dxc5 O-O 11.b4 Bd7 12.Nf3 Rc8 13.Qb2 Ba4 14.Bd3 Nd7 15.O-O b6
16.cxb6 Nxb6 17.c3 Rc7 18.Rfc1 Qd7 19.Qe2 Rac8 20.Ba6 Rb8 21.Nd2 Rd8 22.h3 Qe7
23.Qg4 Nd7 24.Nf3 Bb3 25.Nd2 Nxe5 26.Qg3 Bc4 27.Qxe5 Bxa6 28.Nb3 f6 29.Qe3 e5
30.Nc5 Bc8 31.f4 d4 32.cxd4 exd4 33.Qb3+ Qf7 34.Qxf7+ Kxf7 35.Ra2 Re7 36.Kf2 Re3
37.Rc4 Be6 38.Nxe6 Rxe6 39.Rc7+ Re7 40.Rxe7+ Kxe7 41.Ke2 Ke6 42.Kd3 Kf5 43.Re2 Rd7
44.Re4 h5 45.g3 g5 46.fxg5 fxg5 47.g4+ hxg4 48.hxg4+ Kf6 49.Rxd4 Rh7 50.Ke4 Ke6
51.Rd5 Rh3 52.Ra5  1-0

[Event "V Regina Helena Marques Prol"]
[Site "Santos BRA"]
[Date "2007.05.24"]
[Round "8"]
[White "Stamenkovic,Dr"]
[Black "Tsuboi,E"]
[Result "1-0"]
[WhiteElo "2423"]
[BlackElo "2356"]

1.d4 Nf6 2.Bg5 e6 3.Nf3 c5 4.e3 b6 5.Bd3 Bb7 6.c3 Be7 7.Nbd2 cxd4 8.exd4 Nd5
9.Bxe7 Qxe7 10.O-O Nf4 11.Be4 Bxe4 12.Nxe4 O-O 13.Qd2 Ng6 14.Ne5 d5 15.Nxg6 hxg6
16.Ng5 f6 17.Nh3 g5 18.Rae1 Nd7 19.Qe2 Rae8 20.f4 gxf4 21.Nxf4 Qf7 22.Qg4 f5
23.Qg5 Nf6 24.Ng6 Ne4 25.Qh5 Qf6 26.g4 Qg5 27.Qxg5 Nxg5 28.Nxf8 Rxf8 29.gxf5 exf5
30.Re5  1-0

[Event "3rd UKR Games Men"]
[Site "Evpatoria UKR"]
[Date "2007.05.25"]
[Round "7"]
[White "Rakhmangulov,A"]
[Black "Vovk,A"]
[Result "0-1"]
[WhiteElo "2299"]
[BlackElo "2484"]

1.d4 Nf6 2.Bg5 e6 3.c3 b6 4.e4 h6 5.Bxf6 Qxf6 6.Nf3 Bb7 7.Nbd2 g5 8.Bd3 Be7
9.e5 Qg7 10.Be4 Nc6 11.Qe2 g4 12.Ng1 O-O-O 13.f4 f5 14.Bd3 Bh4+ 15.Kd1 Kb8
16.Kc2 d6 17.h3 dxe5 18.hxg4 exd4 19.Rxh4 dxc3 20.bxc3 Nb4+ 21.cxb4 Qxa1
22.Ngf3 Qxa2+ 23.Kc3 Qa1+ 24.Kb3 Rd5 25.Bc4 Rhd8 26.Bxd5 Bxd5+ 27.Kc2 Be4+
28.Kb3 Rd3+ 29.Qxd3 Bxd3 30.gxf5 a5 31.bxa5 bxa5  0-1

[Event "50th TCh-SRB Cup"]
[Site "Mataruska Banja SRB"]
[Date "2007.05.25"]
[Round "5"]
[White "Popovic,Milo2"]
[Black "Stanojevic,B"]
[Result "1/2-1/2"]
[WhiteElo "2404"]
[BlackElo "2322"]

1.d4 Nf6 2.Bg5 e6 3.e4 h6 4.Bxf6 Qxf6 5.Nc3 Bb4 6.Nf3 d5 7.e5 Qe7 8.Qd2 c5
9.a3 Bxc3 10.Qxc3 b6 11.b4 Ba6 12.Bxa6 Nxa6 13.bxc5 bxc5 14.Qa5 Nb8 15.dxc5 O-O
16.c4 Rc8 17.cxd5  1/2-1/2